2023/24 Spanish Football League Teams - Statistics

General Stats
  • This quiz has been taken 192 times
  • The average score is 26 of 42
Answer Stats
League Team % Correct
La Liga Barcelona
99%
La Liga Real Madrid
99%
La Liga Atlético Madrid
98%
La Liga Valencia
94%
La Liga Athletic Bilbao
93%
La Liga Sevilla
92%
La Liga Real Betis
90%
La Liga Real Sociedad
89%
La Liga Villarreal
89%
La Liga Girona
80%
La Liga Mallorca
78%
La Liga Almería
77%
La Liga 2 Espanyol
75%
La Liga Celta Vigo
73%
La Liga Getafe
73%
La Liga Las Palmas
73%
La Liga Osasuna
70%
La Liga Cádiz
69%
La Liga Granada
69%
La Liga Rayo Vallecano
69%
La Liga 2 Real Valladolid
67%
La Liga Alavés
64%
La Liga 2 Levante
62%
La Liga 2 Real Zaragoza
61%
La Liga 2 Sporting Gijón
51%
La Liga 2 Villarreal B
51%
La Liga 2 Elche
50%
La Liga 2 Eibar
49%
La Liga 2 Leganés
48%
La Liga 2 Real Oviedo
47%
La Liga 2 Tenerife
47%
La Liga 2 Huesca
44%
La Liga 2 Racing Santander
44%
La Liga 2 Albacete
36%
La Liga 2 FC Andorra
34%
La Liga 2 Burgos
30%
La Liga 2 Alcorcón
25%
La Liga 2 Racing Ferrol
23%
La Liga 2 Cartagena
21%
La Liga 2 Amorebieta
18%
La Liga 2 Eldense
18%
La Liga 2 Mirandés
18%
No matching quizzes found
Score Distribution
Percent of People with Each Score
Percentile by Number Answered
Your Score History
You have not taken this quiz